Normal view
MARC view
- Suddaby, Roy.
Entry Personal Name
001 - CONTROL NUMBER
- control field: 43327
003 - CONTROL NUMBER IDENTIFIER
- control field: OSt
005 - DATE AND TIME OF LATEST TRANSACTION
- control field: 20210604155916.0
008 - FIXED-LENGTH DATA ELEMENTS
- fixed length control field: 210604|| aca||aabn | a|a d
040 ## - CATALOGING SOURCE
- Original cataloging agency: OSt
- Transcribing agency: OSt
100 ## - HEADING--PERSONAL NAME
- Personal name: Suddaby, Roy.
670 ## - SOURCE DATA FOUND
- Source citation: Work cat.: (OSt): Suddaby, Roy., The art of the form:, ©2015.
